000
00315nam a2200145Ia 4500
005
20251222152702.0
008
251222s9999||||xx |||||||||||||| ||spa||
020
_a
8423332012
082
_a
892.736/N16
100
_a
Naguib Mahfuz
245
0
_a
Miramar
250
_a
1ra. ed.
264
_b
Destino
942
_c
LIB
999
_c
28857
_d
28857